| 000 | 00649cab a2200217 4500 | ||
|---|---|---|---|
| 001 | WB3403-17 | ||
| 008 | 090401t1998 xxu||||| |||| 00| 0 eng d | ||
| 035 | _a(Sirsi) u83187 | ||
| 041 | _aeng | ||
| 245 | _aSocial housing - feasibility study | ||
| 260 | _c1998 | ||
| 350 | _a0 | ||
| 490 |
_aDETR News Release _v(023) 14 January 1998, (11) |
||
| 520 | _aThe DoE has published the first stage of a feasibility study estimating the demand and need for social housing. Further work is now underway. | ||
| 650 | _aDEMAND | ||
| 650 | _aFEASIBILITY STUDY | ||
| 650 | _aSOCIAL HOUSING | ||
| 690 | _aHOUSING | ||
| 942 | _n0 | ||
| 948 | _c20/01/1998 | ||
| 999 |
_c52532 _d52532 |
||